UBT Library

The enduring Constitution : (Record no. 39124)

000 -LEADER
fixed length control field 00641cam a2200229 a 4500
001 - CONTROL NUMBER
control field 518370
005 - DATE AND TIME OF LATEST TRANSACTION
control field 20171218095227.0
008 - FIXED-LENGTH DATA ELEMENTS--GENERAL INFORMATION
fixed length control field 870312s1987 nyuaf b 001 0 eng
010 ## - LIBRARY OF CONGRESS CONTROL NUMBER
LC control number 86045668
020 ## - INTERNATIONAL STANDARD BOOK NUMBER
International Standard Book Number 0060157003 :
Terms of availability $27.95
040 ## - CATALOGING SOURCE
Original cataloging agency DLC
Transcribing agency DLC
Modifying agency DLC
041 ## - LANGUAGE CODE
Language code of text/sound track or separate title eng
043 ## - GEOGRAPHIC AREA CODE
Geographic area code n-us---
080 ## - UNIVERSAL DECIMAL CLASSIFICATION NUMBER
Universal Decimal Classification number 342.730229 KOL
082 00 - DEWEY DECIMAL CLASSIFICATION NUMBER
Classification number 342.730229 KOL
Edition number 19
100 1# - Rafti
Rafti 13
101 ## - Shkurtesa
Shkurtesa JUR
245 14 - TITLE STATEMENT
Title The enduring Constitution :
Statement of responsibility, etc Jethro K. Lieberman.
504 ## - BIBLIOGRAPHY, ETC. NOTE
Bibliography, etc Bibliography: p. [482]-484.
906 ## - LOCAL DATA ELEMENT F, LDF (RLIN)
a 7
b cbc
c orignew
d 1
e ocip
f 19
g y-gencatlg
942 ## - ADDED ENTRY ELEMENTS (KOHA)
Source of classification or shelving scheme
Item type Books
Holdings
Withdrawn status Lost status Source of classification or shelving scheme Damaged status Not for loan Permanent location Current location Date acquired Total Checkouts Full call number Barcode Date last seen Price effective from Koha item type
          UBT - Lipjan UBT - Lipjan 12/18/2017   342.730229 KOL 002-2939517 12/18/2017 12/18/2017 Books
UBT Library © 2015-2024. All rights reserved University Education for Business and Technology